000 00635nam a2200265Ia 4500
005 20260306163924.0
008 008 260114s9999 xx 000 0 eng d
020 _a9780813039091
037 _aEBOOK
040 _aCRL
040 _beng
040 _cCRL
041 _2eng
041 _aeng
084 _qCRL
100 _aAparicio
_91128980
245 0 _aDominican-americans And The Politics Of Empowerment
260 _bUniversity Press of Florida
260 _c2011
650 _aSocial Work
856 _uhttps://academic.oup.com/book/35575
942 _cEBOOK
999 _c1712030
_d1712030